| 000 | 02566nam0a2200397 4500 | ||
|---|---|---|---|
| 001 | RU\NLR\BIBL_A\021958477 | ||
| 005 | 20250625064641.0 | ||
| 010 |
_a978-5-6048691-0-9 _9200 |
||
| 021 |
_aRU _b2023-30183 _9КН-П-2986 |
||
| 035 | _a(RuMoRGB)011779138 | ||
| 035 | _a(NLR Aleph) 021958477 | ||
| 090 |
_a12310042 _c12310042 |
||
| 100 | _a20230607d2023 |||y0rusy50 ca | ||
| 101 | 0 | _arus | |
| 102 | _aRU | ||
| 105 | _ay|||z|||000zy | ||
| 181 | 0 |
_ai _baxxe |
|
| 182 | 0 | _an | |
| 200 | 1 |
_aВзаимодействие мозга и тела при сочетанных речевых нарушениях различной этиологии: из опыта работы _eпрактическое учебное пособие _fЛ. Б. Адер |
|
| 203 |
_aТекст _bвизуальный _cнепосредственный |
||
| 210 |
_aСанкт-Петербург _cРесурс _d2023 |
||
| 215 |
_a203 с. _d22 |
||
| 300 | _aНа 4-й с. обл. авт.: Адер Л. Б., заслуж. учитель России, логопед | ||
| 320 | _aБиблиогр.: с. 199-200 (36 назв.) | ||
| 330 | _aВзаимодействие мозга и тела при сочетанных речевых нарушениях различной этиологии: из опыта работы Практическое учебное пособие включает теоретический и практический материал, основанный на многолетнем опыте работы автора. Адресуется логопедам, дефектологам, психологам, нейропсихологам, медикам разных специальностей и родителям. Может и с- пользоваться для подготовки студентов данного профиля. А также в качестве необходимой профилактики | ||
| 606 | 1 |
_aЛогопедическая помощь детям _jПрактические пособия _9945893 _3RU\NLR\AUTH\66350711 |
|
| 606 | 1 |
_aРечь _jПрактические пособия _xРазвитие у детей _91966905 _3RU\NLR\AUTH\66900959 |
|
| 606 | 1 |
_aАфазия _jПрактические пособия _9900520 _3RU\NLR\AUTH\667218 |
|
| 686 | 1 | _aЧ437.191я7 | |
| 686 | 1 | _aР731.968я7 | |
| 686 | 1 | _aР62-321.11я7 | |
| 700 | 1 |
_aАдер _bЛ. Б. _gЛюдмила Борисовна |
|
| 942 | _cBOOK | ||
| 980 | _aNB | ||